| 000 | 01406cam a2200373Ia 4500 | ||
|---|---|---|---|
| 001 | 48263 | ||
| 005 | 20230404125743.0 | ||
| 008 | 030127s2001 mx b 001 0 spa d | ||
| 035 | _a(OCoLC)ocm51521284 | ||
| 040 |
_aVJA _cVJA _dOCLCQ _dYDXCP |
||
| 020 | _a968231478X | ||
| 020 | _a9789682314780 | ||
| 035 | _a(OCoLC)51521284 | ||
| 043 |
_anwht--- _anwdr--- |
||
| 050 | 1 | 4 |
_a000 E 141 _bP191r 2001 |
| 100 | 1 |
_aPané, Ramón, _dd. 1571. |
|
| 245 | 1 | 0 |
_aRelación acerca de las antigúedades de los indios : _bel primer tratado escrito en América / _cRamón Pané ; nueva versión, con estudio preliminar, notas y apéndices por José Juan Arrom. |
| 250 | _a11th ed. | ||
| 260 |
_aMéxico, D.F. : _bSiglo Veintiuno, _c2001. |
||
| 300 |
_axxv, 92 p. ; _c22 cm. |
||
| 490 | 1 |
_aColección América nuestra. _aAmérica antigua ; _v5 |
|
| 504 | _aIncludes bibliographical references and index. | ||
| 650 | 0 | _aTaino Indians. | |
| 650 | 0 |
_aIndians of the West Indies _zHaiti. |
|
| 650 | 0 |
_aIndians of the West Indies _zDominican Republic. |
|
| 651 | 4 |
_aHispanoamérica _xAntigúedades. |
|
| 700 | 1 |
_aArrom, José Juan, _d1910- |
|
| 830 | 0 |
_aColección América nuestra (Mexico City, Mexico) ; _v5. |
|
| 830 | 0 |
_aColección América nuestra (Mexico City, Mexico). _pAmérica antigua. |
|
| 938 |
_aYBP Library Services _bYANK _n2690308 |
||
| 942 |
_2lcc _cbk |
||
| 946 | _amjcruz | ||
| 994 |
_aC0 _bDRFGD |
||
| 999 |
_c3989 _d3989 |
||